Members of the Legion of Doom - Statistics

General Stats
  • This quiz has been taken 28 times
  • The average score is 11 of 13
Answer Stats
Picture Answer % Correct
Cheetah
100%
Lex Luthor
100%
Riddler
100%
Brainiac
95%
Solomon Grundy
95%
Bizarro
89%
Scarecrow
84%
Sinestro
84%
Black Manta
79%
Gorilla Grodd
79%
Captain Cold
74%
Giganta
63%
Toyman
53%
No matching quizzes found
Score Distribution
Percent of People with Each Score
Percentile by Number Answered
Your Score History
You have not taken this quiz